LIBRARY & INFORMATION CENTRE, KCAET, TAVANUR

ONLINE PUBLIC ACCESS CATALOGUE (OPAC)

Kerala Administrative Service Super Rank File(KAS) (Record no. 15666)

MARC details
000 -LEADER
fixed length control field 00319nam a22001217a 4500
003 - CONTROL NUMBER IDENTIFIER
control field OSt
008 - FIXED-LENGTH DATA ELEMENTS--GENERAL INFORMATION
fixed length control field 190524b ||||| |||| 00| 0 eng d
082 ## - DEWEY DECIMAL CLASSIFICATION NUMBER
Classification number 001.076
245 ## - TITLE STATEMENT
Title Kerala Administrative Service Super Rank File(KAS)
260 ## - PUBLICATION, DISTRIBUTION, ETC. (IMPRINT)
Place of publication Thiruvananthapuram
Name of publisher Brilliance College
Year of publication 2017
300 ## - PHYSICAL DESCRIPTION
Number of Pages 1280 p.
942 ## - ADDED ENTRY ELEMENTS (KOHA)
Koha item type Books
Holdings
Withdrawn status Lost status Damaged status Home library Current library Date acquired Cost, normal purchase price Full call number Accession Number Koha item type
      KAUAET KAUAET 24/05/2019 500.00 001.076 25938 Books
free website counter